000
00281nam a22001337a 4500
008
171123b xxu||||| |||| 00| 0 eng d
020
_a
070551979
041
_a
eng
080
_a
51
100
_a
38
101
_a
MAT
245
_a
NUMERICAL ANALYSIS
_c
SCHEID,F
942
_2
udc
_c
BK
999
_c
38414
_d
38414